Study, design and establishment of a fiber optic link for analog and digital communication / (Record no. 182153)
[ view plain ]
| 000 -LEADER | |
|---|---|
| fixed length control field | 00790 a2200193 4500 |
| 003 - CONTROL NUMBER IDENTIFIER | |
| control field | 0 |
| 005 - DATE AND TIME OF LATEST TRANSACTION | |
| control field | 20251110185242.0 |
| 040 ## - CATALOGING SOURCE | |
| Transcribing agency | 0 |
| 082 ## - DEWEY DECIMAL CLASSIFICATION NUMBER | |
| Classification number | 621.382,SAJ |
| 100 ## - MAIN ENTRY--PERSONAL NAME | |
| Personal name | CSUO Sajjad ( TCC-5) |
| 9 (RLIN) | 131767 |
| 245 ## - TITLE STATEMENT | |
| Title | Study, design and establishment of a fiber optic link for analog and digital communication / |
| Statement of responsibility, etc. | CSUO Sajjad, PC Aamir Watto , NC Yousaf Allah Dad (TCC-5) |
| 260 ## - PUBLICATION, DISTRIBUTION, ETC. | |
| Place of publication, distribution, etc. | Rawalpindi |
| Name of publisher, distributor, etc. | MCS (Lahore) |
| Date of publication, distribution, etc. | 1997 |
| 300 ## - PHYSICAL DESCRIPTION | |
| Extent | 51 p.; |
| 505 ## - FORMATTED CONTENTS NOTE | |
| Formatted contents note | Introduction (Page-1), Advantages and Applications (Page-7), Transmitters (Page-13), Receivers(Page-19), Type of Fiber (Page-29),Connectors and Splicing (Page-35), The Optical Fiber Link (Page-37). |
| 650 ## - SUBJECT ADDED ENTRY--TOPICAL TERM | |
| Topical term or geographic name entry element | UG Projects |
| 9 (RLIN) | 98716 |
| 651 ## - SUBJECT ADDED ENTRY--GEOGRAPHIC NAME | |
| Geographic name | TCC-5 |
| 9 (RLIN) | 131762 |
| 700 ## - ADDED ENTRY--PERSONAL NAME | |
| Personal name | Supervised by W/C (R) Akhlaq |
| 9 (RLIN) | 131768 |
| 942 ## - ADDED ENTRY ELEMENTS (KOHA) | |
| Source of classification or shelving scheme | |
| Koha item type | Project Report |
| Withdrawn status | Lost status | Source of classification or shelving scheme | Damaged status | Not for loan | Permanent Location | Current Location | Shelving location | Date acquired | Full call number | Barcode | Date last seen | Price effective from | Koha item type | Public note |
|---|---|---|---|---|---|---|---|---|---|---|---|---|---|---|
| Military College of Signals (MCS) | Military College of Signals (MCS) | Reference | 12/12/2016 | 621.382, SAJ | MCSPTC-14 | 12/08/2016 | 12/12/2016 | Project Report | Almirah No.94, Shelf No. 1 |
